| 000 | 00402nam a22001337a 4500 | ||
|---|---|---|---|
| 082 | _aP-490 | ||
| 100 |
_aAbdul Ghafoor _99529 |
||
| 245 |
_aComparative Analyses of Low and High Density Polyethylene Modified Bituminous Mixes in Pakistan _cHamza Bin Faiz |
||
| 260 |
_aRisalpur _bMCE |
||
| 526 |
_a0 _b0 _c0 _dP_490 |
||
| 650 | _aProject | ||
| 700 |
_aDr Muhammad Bilal Khurshid _916538 |
||
| 942 |
_2ddc _cBK |
||
| 999 |
_c551260 _d551260 |
||